| 000 | 00499nam a2200169Ia 4500 | ||
|---|---|---|---|
| 008 | 140925s9999 xx 000 0 und d | ||
| 020 | _a2044-6055 | ||
| 245 |
_aBMJ Open / _h[electronic resource] |
||
| 260 |
_bBMJ Publishing Group Ltd., _cc2014. |
||
| 516 | _aElectronic text | ||
| 650 | _aMental Health | ||
| 650 | _aSpecial Education. | ||
| 830 | _aBMJ Publishing Group Ltd. | ||
| 856 | _uhttp://bmjopen.bmj.com/content/3/3/e002283.full?rss=1 | ||
| 942 | _cEJ | ||
| 999 |
_c275715 _d275715 |
||